00767nam a2200217Ii 45000010005000000030009000050080041000140400033000550410008000880820017000961000039001132450034001522640060001863000012002463360026002583370028002843380027003129400050003399990017003899520143004066438CO-ViMGA241108s9999||||xx |||||||||||||| ||und|| aCO-ViMGAbspaerdacCO-ViMGA0 aunk04a863.62-G633c1 aRamón Gómez de la Serna95675110a caballero del hongo gris 1a[Lugar de publicación no identificado] : Salvat, 1970 avolumen atextbtxt2rdacontent aunmediatedbn2rdamedia avolumebnc2rdacarrier aidficha_siabuc: 6289. -- ficha_no_siabuc:6438 c54872d54872 001040708001aMEVIGERRbMEVIGERRcGENd2006-11-27hVol.1o863.62-G633cpECA5866r2024-11-26 10:41:47tEj.1w2024-11-26yBKz6289 | 8820